| 000 | 00694nam a2200205 a 4500 | ||
|---|---|---|---|
| 001 | 000747765 | ||
| 003 | AM-YeHGA | ||
| 005 | 20250617162103.0 | ||
| 008 | 100630s1959 ||||||||||||||||||||rus d | ||
| 040 | _aAM-YeHGA | ||
| 041 | 0 | _arus | |
| 100 | 1 | _aПильман, Нехама Исааковна | |
| 245 | 1 | 0 |
_aФункциональное лечение содружественного косоглазия у детей / _cН.И. Пильман . |
| 250 | _a2-е изд., доп. | ||
| 260 |
_aКиев : _bГосмедиздат УССР, _c1959. |
||
| 300 | _a166 с. | ||
| 650 | 1 | 4 | _aДетская офтальмология |
| 650 | 1 | 4 | _aКосоглазие |
| 090 | _c486121 | ||
| 999 |
_c482770 _d482770 |
||